Treinstations - Statistics

General Stats
  • This quiz has been taken 6 times
  • The average score is 3 of 8
Answer Stats
Hint Answer % Correct
nmbs brussel zuid
100%
nmbs brussel centraal
50%
nmbs brussel noord
50%
nmbs brussel congres
25%
nmbs brussel kapellekerk
25%
nmbs brussel luxemburg
25%
nmbs brussel schuman
25%
nmbs brussel west
25%
No matching quizzes found
Score Distribution
Percent of People with Each Score
Percentile by Number Answered
Your Score History
You have not taken this quiz